[Event "DVM U12 2022"]
[Site "München GER"]
[Date "2022.12.29"]
[Round "6"]
[White "Bock, Leonas"]
[Black "Schirmer, Enias"]
[Result "1/2-1/2"]
[Termination "normal"]
[Board "5.2"]
[WhiteElo "1284"]
[BlackElo "1363"]
[WhiteClock "00:29:15"]
[BlackClock "00:30:38"]
[WhiteTeam "SSV Vimaria 91 Weimar"]
[BlackTeam "SV 1947 Walldorf"]
[PlyCount "61"]
[WhiteFideId "16287118"]
[BlackFideId "34609806"]
[EventCountry "GER"]
[EventRounds "7"]
[EventType "team-swiss"]
[EventDate "2022.12.26"]

1. d4 {[%clk 01:30:54]} {[%emt 00:00:05]} d5 {[%clk 01:30:50]} {[%emt
00:00:10]} 2. Nf3 {[%clk 01:31:19]} {[%emt 00:00:05]} c5 {[%clk 01:31:00]}
{[%emt 00:00:20]} 3. c3 {[%clk 01:29:25]} {[%emt 00:02:24]} Nf6 {[%clk
01:30:32]} {[%emt 00:00:58]} 4. e3 {[%clk 01:29:47]} {[%emt 00:00:08]} Nc6
{[%clk 01:30:40]} {[%emt 00:00:23]} 5. Bd3 {[%emt 00:00:55]} Bg4 {[%clk
01:30:36]} {[%emt 00:00:30]} 6. h3 {[%clk 01:27:26]} {[%emt 00:02:29]} Bxf3
{[%clk 01:30:45]} {[%emt 00:00:21]} 7. Qxf3 {[%clk 01:26:28]} {[%emt 00:01:28]}
e5 {[%clk 01:27:38]} {[%emt 00:03:37]} 8. dxe5 {[%clk 01:20:27]} {[%emt
00:06:32]} Nxe5 {[%clk 01:27:21]} {[%emt 00:00:47]} 9. Bb5 {[%clk 01:20:44]}
{[%emt 00:00:13]} Nc6 {[%clk 01:24:11]} {[%emt 00:03:40]} 10. O-O {[%clk
01:17:07]} {[%emt 00:04:06]} a6 {[%clk 01:22:10]} {[%emt 00:02:32]} 11. Ba4
{[%clk 01:14:42]} {[%emt 00:02:55]} b5 {[%clk 01:22:09]} {[%emt 00:00:31]} 12.
Bc2 {[%clk 01:13:37]} {[%emt 00:01:34]} Be7 {[%clk 01:21:01]} {[%emt 00:01:38]}
13. Rd1 {[%clk 01:06:48]} {[%emt 00:07:20]} O-O {[%clk 01:18:26]} {[%emt
00:03:06]} 14. e4 {[%clk 01:05:43]} {[%emt 00:01:35]} d4 {[%clk 01:15:30]}
{[%emt 00:03:26]} 15. Bf4 {[%clk 01:04:33]} {[%emt 00:01:40]} Bd6 {[%clk
01:13:24]} {[%emt 00:02:36]} 16. Nd2 {[%clk 00:54:50]} {[%emt 00:10:13]} Bxf4
{[%clk 01:11:13]} {[%emt 00:02:41]} 17. Qxf4 {[%clk 00:55:11]} {[%emt
00:00:09]} dxc3 {[%clk 01:10:51]} {[%emt 00:00:52]} 18. bxc3 {[%clk 00:54:42]}
{[%emt 00:00:59]} Qe7 {[%clk 01:08:18]} {[%emt 00:03:02]} 19. Nf3 {[%clk
00:54:06]} {[%emt 00:01:06]} Rfe8 {[%clk 01:03:50]} {[%emt 00:04:59]} 20. Re1
{[%clk 00:52:23]} {[%emt 00:02:12]} Ne5 {[%clk 00:57:11]} {[%emt 00:07:10]} 21.
Rad1 {[%clk 00:49:45]} {[%emt 00:03:07]} Nxf3 {[%clk 00:50:10]} {[%emt
00:07:30]} 22. Qxf3 {[%clk 00:49:47]} {[%emt 00:00:29]} Rad8 {[%clk 00:49:49]}
{[%emt 00:00:51]} 23. Qf4 {[%clk 00:43:46]} {[%emt 00:06:31]} h6 {[%clk
00:48:23]} {[%emt 00:01:56]} 24. Rd2 {[%clk 00:35:30]} {[%emt 00:08:45]} Rxd2
{[%clk 00:41:36]} {[%emt 00:07:18]} 25. Qxd2 {[%clk 00:35:48]} {[%emt
00:00:09]} Qe6 {[%clk 00:41:09]} {[%emt 00:00:59]} 26. e5 {[%clk 00:33:30]}
{[%emt 00:02:49]} Nd7 {[%clk 00:39:56]} {[%emt 00:01:43]} 27. f4 {[%clk
00:31:43]} {[%emt 00:02:17]} Rd8 {[%clk 00:35:31]} {[%emt 00:04:55]} 28. Qd3
{[%clk 00:29:54]} {[%emt 00:02:18]} g6 {[%clk 00:33:05]} {[%emt 00:02:56]} 29.
g4 {[%clk 00:29:15]} {[%emt 00:01:09]} Qb6 {[%clk 00:30:38]} {[%emt 00:02:51]}
30. Qe3 {[%emt 00:09:02]} c4 {[%emt 00:00:07]} 31. Qd4 {[%emt 00:00:03]}
1/2-1/2

[Event "DVM U12 2022"]
[Site "München GER"]
[Date "2022.12.29"]
[Round "6"]
[White "Yan, Haichen"]
[Black "Kalinin, Alexej"]
[Result "0-1"]
[Termination "normal"]
[Board "5.3"]
[WhiteElo "1217"]
[BlackElo "1330"]
[WhiteClock "00:43:38"]
[BlackClock "00:14:56"]
[WhiteTeam "SV 1947 Walldorf"]
[BlackTeam "SSV Vimaria 91 Weimar"]
[PlyCount "100"]
[WhiteFideId "34607951"]
[BlackFideId "34617167"]
[EventCountry "GER"]
[EventRounds "7"]
[EventType "team-swiss"]
[EventDate "2022.12.26"]

1. d4 {[%clk 01:30:57]} {[%emt 00:00:02]} d5 {[%clk 01:30:40]} {[%emt
00:00:20]} 2. c4 {[%clk 01:31:15]} {[%emt 00:00:12]} e6 {[%clk 01:30:37]}
{[%emt 00:00:34]} 3. Nc3 {[%clk 01:31:38]} {[%emt 00:00:07]} f5 {[%clk
01:30:34]} {[%emt 00:00:33]} 4. Nf3 {[%clk 01:31:49]} {[%emt 00:00:20]} Nf6
{[%clk 01:30:09]} {[%emt 00:00:55]} 5. e3 {[%clk 01:31:00]} {[%emt 00:01:19]}
b6 {[%clk 01:29:45]} {[%emt 00:00:54]} 6. Ne5 {[%clk 01:30:57]} {[%emt
00:00:33]} Bd6 {[%clk 01:29:00]} {[%emt 00:01:15]} 7. cxd5 {[%clk 01:30:58]}
{[%emt 00:00:28]} exd5 {[%clk 01:28:26]} {[%emt 00:01:04]} 8. Bb5 {[%clk
01:31:07]} {[%emt 00:00:21]} Bd7 {[%clk 01:23:52]} {[%emt 00:05:03]} 9. Nxd7
{[%clk 01:30:20]} {[%emt 00:01:19]} Nbxd7 {[%clk 01:23:52]} {[%emt 00:00:30]}
10. Bc6 {[%emt 00:02:02]} Rb8 {[%clk 01:19:25]} {[%emt 00:03:18]} 11. Nxd5
{[%clk 01:28:59]} {[%emt 00:01:58]} O-O {[%clk 01:12:56]} {[%emt 00:06:59]} 12.
O-O {[%clk 01:27:28]} {[%emt 00:02:01]} Ne4 {[%clk 00:57:25]} {[%emt 00:16:01]}
13. Qb3 {[%clk 01:22:23]} {[%emt 00:05:35]} Kh8 {[%clk 00:55:53]} {[%emt
00:02:02]} 14. Nb4 {[%clk 01:14:04]} {[%emt 00:08:48]} Qe7 {[%clk 00:51:19]}
{[%emt 00:05:04]} 15. Nd5 {[%clk 01:10:15]} {[%emt 00:04:20]} Qe6 {[%clk
00:40:34]} {[%emt 00:11:15]} 16. Nxc7 {[%clk 01:09:51]} {[%emt 00:00:53]} Bxh2
{[%clk 00:38:45]} {[%emt 00:02:18]} 17. Kxh2 {[%clk 01:08:41]} {[%emt
00:01:41]} Qxc6 {[%clk 00:39:03]} {[%emt 00:00:12]} 18. Na6 {[%clk 01:07:54]}
{[%emt 00:01:17]} Rbd8 {[%clk 00:35:29]} {[%emt 00:04:04]} 19. Nb4 {[%clk
01:00:27]} {[%emt 00:07:57]} Qd6 {[%clk 00:34:08]} {[%emt 00:01:52]} 20. Kg1
{[%clk 00:58:29]} {[%emt 00:02:28]} Rf6 {[%clk 00:29:55]} {[%emt 00:04:42]} 21.
Nd5 {[%clk 00:49:46]} {[%emt 00:09:13]} Rh6 {[%clk 00:23:11]} {[%emt 00:07:15]}
22. Nf4 {[%clk 00:49:25]} {[%emt 00:00:51]} g5 {[%clk 00:20:00]} {[%emt
00:03:40]} 23. Nh3 {[%clk 00:49:36]} {[%emt 00:00:18]} Ndf6 {[%clk 00:19:04]}
{[%emt 00:01:26]} 24. f3 {[%clk 00:48:46]} {[%emt 00:01:20]} Qg3 {[%clk
00:15:56]} {[%emt 00:03:37]} 25. Kh1 {[%clk 00:44:54]} {[%emt 00:04:23]} Nf2
{[%clk 00:10:41]} {[%emt 00:05:46]} 26. Rxf2 {[%emt 00:00:56]} Qxf2 {[%clk
00:10:47]} {[%emt 00:00:23]} 27. Qb5 {[%emt 00:01:59]} g4 {[%clk 00:09:20]}
{[%emt 00:01:55]} 28. Qxf5 {[%clk 00:41:47]} {[%emt 00:01:44]} gxh3 {[%clk
00:09:25]} {[%emt 00:00:26]} 29. gxh3 {[%emt 00:00:38]} Qf1 {[%clk 00:08:43]}
{[%emt 00:00:39]} 30. Kh2 {[%clk 00:42:28]} {[%emt 00:00:14]} Rg6 {[%clk
00:08:58]} {[%emt 00:00:15]} 31. Qxg6 {[%clk 00:40:04]} {[%emt 00:02:53]} hxg6
{[%clk 00:09:21]} {[%emt 00:00:08]} 32. e4 {[%clk 00:39:43]} {[%emt 00:00:51]}
Rc8 {[%clk 00:09:39]} {[%emt 00:00:11]} 33. d5 {[%clk 00:39:03]} {[%emt
00:01:10]} Rxc1 {[%clk 00:09:41]} {[%emt 00:00:28]} 34. Rxc1 {[%clk 00:39:26]}
{[%emt 00:00:06]} Qxc1 {[%clk 00:10:07]} {[%emt 00:00:05]} 35. Kg3 {[%clk
00:39:49]} {[%emt 00:00:07]} Qxb2 {[%clk 00:10:30]} {[%emt 00:00:08]} 36. a4
{[%clk 00:40:09]} {[%emt 00:00:09]} Qe5 {[%clk 00:10:53]} {[%emt 00:00:07]} 37.
Kf2 {[%clk 00:40:02]} {[%emt 00:00:38]} Nxd5 {[%clk 00:09:32]} {[%emt
00:01:51]} 38. exd5 {[%clk 00:40:16]} {[%emt 00:00:16]} Qxd5 {[%clk 00:09:57]}
{[%emt 00:00:06]} 39. a5 {[%clk 00:40:02]} {[%emt 00:00:44]} Qa2 {[%clk
00:10:17]} {[%emt 00:00:10]} 40. Kg3 {[%clk 00:40:32]} {[%emt 00:03:09]} Qxa5
{[%clk 00:12:55]} {[%emt 00:00:11]} 41. f4 {[%clk 00:40:54]} {[%emt 00:00:09]}
g5 {[%clk 00:13:16]} {[%emt 00:00:09]} 42. fxg5 {[%clk 00:41:05]} {[%emt
00:00:20]} Qxg5 {[%clk 00:13:27]} {[%emt 00:00:18]} 43. Kf2 {[%clk 00:41:18]}
{[%emt 00:00:17]} a5 {[%clk 00:13:50]} {[%emt 00:00:06]} 44. Ke2 {[%clk
00:41:41]} {[%emt 00:00:07]} a4 {[%clk 00:14:09]} {[%emt 00:00:11]} 45. Kd3
{[%clk 00:42:07]} {[%emt 00:00:04]} Qb5 {[%clk 00:14:24]} {[%emt 00:00:14]} 46.
Kc2 {[%clk 00:42:12]} {[%emt 00:00:25]} a3 {[%clk 00:14:43]} {[%emt 00:00:11]}
47. h4 {[%clk 00:42:39]} {[%emt 00:00:04]} a2 {[%clk 00:15:07]} {[%emt
00:00:06]} 48. h5 {[%clk 00:43:01]} {[%emt 00:00:08]} a1=Q {[%emt 00:01:11]}
49. h6 {[%clk 00:43:22]} {[%emt 00:00:07]} Qab2 {[%clk 00:14:38]} {[%emt
00:00:20]} 50. Kd1 {[%clk 00:43:38]} {[%emt 00:00:15]} Qf1# {[%clk 00:14:56]}
{[%emt 00:00:38]} 0-1

[Event "DVM U12 2022"]
[Site "München GER"]
[Date "2022.12.29"]
[Round "6"]
[White "Berbig, Georg"]
[Black "Botschek, Marius"]
[Result "1/2-1/2"]
[Termination "normal"]
[Board "5.4"]
[WhiteElo "1118"]
[BlackElo "1451"]
[WhiteClock "00:13:37"]
[BlackClock "00:40:31"]
[WhiteTeam "SSV Vimaria 91 Weimar"]
[BlackTeam "SV 1947 Walldorf"]
[PlyCount "60"]
[WhiteFideId "34640401"]
[BlackFideId "34629521"]
[EventCountry "GER"]
[EventRounds "7"]
[EventType "team-swiss"]
[EventDate "2022.12.26"]

1. d4 {[%clk 01:30:53]} {[%emt 00:00:06]} g6 {[%clk 01:30:56]} {[%emt
00:00:05]} 2. e4 {[%clk 01:31:05]} {[%emt 00:00:18]} Bg7 {[%clk 01:31:11]}
{[%emt 00:00:15]} 3. Nc3 {[%clk 01:31:08]} {[%emt 00:00:28]} d6 {[%clk
01:31:29]} {[%emt 00:00:11]} 4. Nf3 {[%clk 01:31:13]} {[%emt 00:00:25]} a6
{[%clk 01:31:36]} {[%emt 00:00:23]} 5. a4 {[%clk 01:28:42]} {[%emt 00:03:02]}
Nd7 {[%clk 01:30:24]} {[%emt 00:01:42]} 6. Be3 {[%clk 01:22:09]} {[%emt
00:07:02]} Ngf6 {[%clk 01:29:01]} {[%emt 00:01:53]} 7. Bc4 {[%clk 01:19:27]}
{[%emt 00:03:12]} e6 {[%clk 01:29:21]} {[%emt 00:00:11]} 8. Qd3 {[%clk
01:06:37]} {[%emt 00:13:18]} Ng4 {[%clk 01:28:35]} {[%emt 00:01:17]} 9. Bd2
{[%clk 01:03:19]} {[%emt 00:03:48]} e5 {[%clk 01:25:26]} {[%emt 00:03:40]} 10.
d5 {[%clk 00:50:13]} {[%emt 00:13:36]} Nc5 {[%clk 01:24:36]} {[%emt 00:01:20]}
11. Qe2 {[%clk 00:50:03]} {[%emt 00:00:28]} O-O {[%clk 01:21:57]} {[%emt
00:03:20]} 12. b4 {[%clk 00:44:37]} {[%emt 00:05:56]} Nd7 {[%clk 01:21:58]}
{[%emt 00:00:29]} 13. h3 {[%clk 00:43:38]} {[%emt 00:01:28]} Nh6 {[%clk
01:18:43]} {[%emt 00:03:47]} 14. Ng5 {[%clk 00:38:53]} {[%emt 00:05:15]} Nb6
{[%clk 01:16:50]} {[%emt 00:02:23]} 15. Bb3 {[%clk 00:37:14]} {[%emt 00:02:09]}
Qe7 {[%clk 01:10:35]} {[%emt 00:06:45]} 16. O-O {[%clk 00:34:57]} {[%emt
00:02:46]} f5 {[%clk 01:10:20]} {[%emt 00:00:45]} 17. a5 {[%clk 00:34:29]}
{[%emt 00:00:58]} Nd7 {[%clk 01:10:28]} {[%emt 00:00:22]} 18. Ne6 {[%clk
00:34:39]} {[%emt 00:00:20]} Rf6 {[%clk 01:10:32]} {[%emt 00:00:26]} 19. Bg5
{[%clk 00:34:17]} {[%emt 00:00:52]} Nf8 {[%clk 01:04:50]} {[%emt 00:06:11]} 20.
Nxg7 {[%emt 00:00:59]} Qxg7 {[%clk 01:03:34]} {[%emt 00:01:44]} 21. Bxf6 {[%clk
00:33:30]} {[%emt 00:00:51]} Qxf6 {[%clk 01:03:59]} {[%emt 00:00:06]} 22. b5
{[%clk 00:31:56]} {[%emt 00:02:04]} g5 {[%clk 00:58:38]} {[%emt 00:05:51]} 23.
Rad1 {[%clk 00:29:19]} {[%emt 00:03:06]} g4 {[%clk 00:57:40]} {[%emt 00:01:28]}
24. Rd3 {[%clk 00:27:49]} {[%emt 00:02:00]} f4 {[%clk 00:55:24]} {[%emt
00:02:47]} 25. hxg4 {[%clk 00:23:51]} {[%emt 00:04:27]} Bxg4 {[%clk 00:53:15]}
{[%emt 00:02:38]} 26. f3 {[%clk 00:24:06]} {[%emt 00:00:15]} Bd7 {[%clk
00:53:00]} {[%emt 00:00:45]} 27. bxa6 {[%clk 00:23:55]} {[%emt 00:00:41]} bxa6
{[%clk 00:48:49]} {[%emt 00:04:41]} 28. Ba4 {[%clk 00:21:00]} {[%emt 00:03:25]}
Bc8 {[%clk 00:47:18]} {[%emt 00:02:01]} 29. Rb1 {[%clk 00:19:54]} {[%emt
00:01:36]} Qg5 {[%clk 00:44:02]} {[%emt 00:03:45]} 30. Nd1 {[%clk 00:13:37]}
{[%emt 00:06:47]} Nf7 {[%clk 00:40:31]} {[%emt 00:04:01]} 1/2-1/2

[Event "DVM U12 2022"]
[Site "München GER"]
[Date "2022.12.29"]
[Round "6"]
[White "Mandalka, Justus"]
[Black "Nguyen, Thanh An"]
[Result "1/2-1/2"]
[Termination "normal"]
[Board "6.1"]
[WhiteElo "1484"]
[BlackElo "1219"]
[WhiteClock "00:49:30"]
[BlackClock "01:01:21"]
[WhiteTeam "SK Bad Homburg 1927"]
[BlackTeam "SV Dresden-Striesen 1990"]
[PlyCount "79"]
[WhiteFideId "16298144"]
[BlackFideId "34627804"]
[EventCountry "GER"]
[EventRounds "7"]
[EventType "team-swiss"]
[EventDate "2022.12.26"]

1. e4 {[%clk 01:30:57]} {[%emt 00:00:03]} c5 {[%clk 01:30:53]} {[%emt
00:00:07]} 2. Nf3 {[%clk 01:31:24]} {[%emt 00:00:03]} Nc6 {[%clk 01:31:18]}
{[%emt 00:00:05]} 3. d4 {[%clk 01:31:49]} {[%emt 00:00:05]} cxd4 {[%clk
01:31:44]} {[%emt 00:00:05]} 4. Nxd4 {[%clk 01:32:15]} {[%emt 00:00:04]} e6
{[%clk 01:32:04]} {[%emt 00:00:10]} 5. Be2 {[%clk 01:30:52]} {[%emt 00:01:52]}
Nf6 {[%clk 01:31:54]} {[%emt 00:00:40]} 6. Bf3 {[%clk 01:30:47]} {[%emt
00:00:35]} Bc5 {[%clk 01:31:51]} {[%emt 00:00:33]} 7. Nb3 {[%clk 01:30:43]}
{[%emt 00:00:35]} Bb6 {[%clk 01:31:52]} {[%emt 00:00:29]} 8. O-O {[%clk
01:30:52]} {[%emt 00:00:21]} O-O {[%clk 01:31:58]} {[%emt 00:00:23]} 9. Bg5
{[%clk 01:30:59]} {[%emt 00:00:23]} h6 {[%clk 01:32:15]} {[%emt 00:00:14]} 10.
Bh4 {[%clk 01:30:32]} {[%emt 00:00:57]} Ne5 {[%clk 01:31:14]} {[%emt 00:01:31]}
11. Re1 {[%clk 01:27:11]} {[%emt 00:03:51]} g5 {[%clk 01:25:32]} {[%emt
00:06:12]} 12. Bg3 {[%clk 01:27:35]} {[%emt 00:00:06]} Bc7 {[%clk 01:25:39]}
{[%emt 00:00:21]} 13. h3 {[%clk 01:19:35]} {[%emt 00:08:32]} Nxf3 {[%clk
01:25:43]} {[%emt 00:00:25]} 14. Qxf3 {[%clk 01:19:56]} {[%emt 00:00:09]} Bxg3
{[%clk 01:25:55]} {[%emt 00:00:19]} 15. Qxg3 {[%clk 01:19:44]} {[%emt
00:00:43]} Kh7 {[%clk 01:24:55]} {[%emt 00:01:28]} 16. e5 {[%clk 01:19:40]}
{[%emt 00:00:34]} Nd5 {[%clk 01:24:20]} {[%emt 00:01:05]} 17. Nc3 {[%clk
01:19:27]} {[%emt 00:00:43]} Nxc3 {[%clk 01:23:41]} {[%emt 00:01:09]} 18. Qd3
{[%clk 01:19:08]} {[%emt 00:00:49]} Kh8 {[%clk 01:23:38]} {[%emt 00:00:34]} 19.
Qxc3 {[%clk 01:19:32]} {[%emt 00:00:06]} b6 {[%clk 01:22:48]} {[%emt 00:01:20]}
20. Rad1 {[%clk 01:19:02]} {[%emt 00:01:00]} Qe7 {[%clk 01:21:33]} {[%emt
00:01:42]} 21. Qf3 {[%clk 01:14:58]} {[%emt 00:04:37]} Rb8 {[%clk 01:21:39]}
{[%emt 00:00:24]} 22. Qh5 {[%clk 01:15:21]} {[%emt 00:00:06]} Kh7 {[%clk
01:21:51]} {[%emt 00:00:17]} 23. Re3 {[%clk 01:13:13]} {[%emt 00:02:38]} Bb7
{[%clk 01:21:13]} {[%emt 00:01:07]} 24. h4 {[%clk 01:12:55]} {[%emt 00:00:49]}
Rg8 {[%clk 01:17:39]} {[%emt 00:04:04]} 25. Rh3 {[%clk 01:11:14]} {[%emt
00:02:11]} gxh4 {[%clk 01:17:30]} {[%emt 00:00:39]} 26. f3 {[%clk 01:11:31]}
{[%emt 00:00:14]} Qg5 {[%clk 01:17:11]} {[%emt 00:00:49]} 27. Qxg5 {[%clk
01:10:58]} {[%emt 00:01:03]} Rxg5 {[%clk 01:17:29]} {[%emt 00:00:12]} 28. Rxd7
{[%clk 01:09:59]} {[%emt 00:01:28]} Kg6 {[%clk 01:16:54]} {[%emt 00:01:05]} 29.
Kf2 {[%clk 01:09:02]} {[%emt 00:01:28]} Rxe5 {[%clk 01:15:53]} {[%emt
00:01:30]} 30. Rxh4 {[%clk 01:09:08]} {[%emt 00:00:25]} a6 {[%clk 01:08:56]}
{[%emt 00:06:55]} 31. Rc4 {[%clk 01:05:40]} {[%emt 00:03:58]} Bd5 {[%clk
01:04:50]} {[%emt 00:05:07]} 32. Rcc7 {[%clk 01:05:45]} {[%emt 00:00:25]} Bxb3
{[%clk 01:04:58]} {[%emt 00:00:22]} 33. axb3 {[%clk 01:05:29]} {[%emt
00:00:46]} Rf5 {[%clk 01:04:25]} {[%emt 00:01:03]} 34. c4 {[%clk 01:04:42]}
{[%emt 00:01:17]} h5 {[%clk 01:03:03]} {[%emt 00:01:52]} 35. b4 {[%clk
01:02:40]} {[%emt 00:02:32]} b5 {[%clk 01:00:31]} {[%emt 00:03:02]} 36. c5
{[%clk 01:02:48]} {[%emt 00:00:22]} Rf4 {[%clk 01:00:47]} {[%emt 00:00:13]} 37.
c6 {[%clk 01:02:48]} {[%emt 00:00:30]} Rxb4 {[%clk 01:00:55]} {[%emt 00:00:22]}
38. Rxf7 {[%clk 00:49:06]} {[%emt 00:14:12]} Rxb2 {[%clk 01:01:11]} {[%emt
00:00:14]} 39. Ke3 {[%clk 00:49:30]} {[%emt 00:00:05]} Rc2 {[%clk 01:01:21]}
{[%emt 00:00:21]} 40. Rg7 {[%emt 00:10:54]} 1/2-1/2

[Event "DVM U12 2022"]
[Site "München GER"]
[Date "2022.12.29"]
[Round "6"]
[White "Xu, Wanghan"]
[Black "Glavev, Danail"]
[Result "1-0"]
[Termination "normal"]
[Board "6.2"]
[WhiteElo "1275"]
[BlackElo "1435"]
[WhiteClock "01:01:47"]
[BlackClock "00:27:59"]
[WhiteTeam "SV Dresden-Striesen 1990"]
[BlackTeam "SK Bad Homburg 1927"]
[PlyCount "95"]
[WhiteFideId "34608745"]
[BlackFideId "34610995"]
[EventCountry "GER"]
[EventRounds "7"]
[EventType "team-swiss"]
[EventDate "2022.12.26"]

1. d4 {[%clk 01:30:59]} d5 {[%clk 01:30:30]} {[%emt 00:00:30]} 2. c4 {[%clk
01:31:23]} {[%emt 00:00:06]} e6 {[%clk 01:30:57]} {[%emt 00:00:03]} 3. Nc3
{[%clk 01:31:44]} {[%emt 00:00:09]} Nf6 {[%clk 01:31:19]} {[%emt 00:00:08]} 4.
a3 {[%clk 01:31:11]} {[%emt 00:01:03]} c5 {[%clk 01:30:28]} {[%emt 00:01:21]}
5. dxc5 {[%clk 01:29:28]} {[%emt 00:02:13]} Bxc5 {[%clk 01:30:24]} {[%emt
00:00:34]} 6. e3 {[%clk 01:28:15]} {[%emt 00:01:42]} O-O {[%clk 01:30:01]}
{[%emt 00:00:53]} 7. Nf3 {[%clk 01:28:03]} {[%emt 00:00:42]} Nc6 {[%clk
01:19:54]} {[%emt 00:10:38]} 8. b4 {[%clk 01:26:13]} {[%emt 00:02:19]} Be7
{[%clk 01:18:16]} {[%emt 00:02:08]} 9. cxd5 {[%clk 01:25:54]} {[%emt 00:00:49]}
exd5 {[%clk 01:12:43]} {[%emt 00:06:03]} 10. h3 {[%clk 01:24:15]} {[%emt
00:02:09]} Be6 {[%clk 01:06:26]} {[%emt 00:06:48]} 11. Bd3 {[%clk 01:21:39]}
{[%emt 00:02:57]} d4 {[%clk 01:01:15]} {[%emt 00:05:49]} 12. exd4 {[%clk
01:21:21]} {[%emt 00:00:47]} Nd5 {[%clk 00:54:10]} {[%emt 00:07:36]} 13. Ne2
{[%clk 01:13:57]} {[%emt 00:07:50]} Bf6 {[%clk 00:52:19]} {[%emt 00:02:25]} 14.
Bb2 {[%clk 01:13:11]} {[%emt 00:01:14]} a6 {[%clk 00:50:37]} {[%emt 00:02:14]}
15. O-O {[%clk 01:09:47]} {[%emt 00:03:53]} Nc7 {[%clk 00:48:06]} {[%emt
00:03:01]} 16. Be4 {[%clk 01:07:19]} {[%emt 00:02:53]} Bd5 {[%clk 00:46:01]}
{[%emt 00:01:43]} 17. Bxd5 {[%clk 01:07:33]} {[%emt 00:01:14]} Qxd5 {[%clk
00:46:24]} {[%emt 00:00:07]} 18. Qd2 {[%clk 01:03:07]} {[%emt 00:04:53]} Rad8
{[%clk 00:45:14]} {[%emt 00:01:43]} 19. Rad1 {[%clk 01:00:12]} {[%emt
00:03:25]} Ne6 {[%clk 00:43:35]} {[%emt 00:02:09]} 20. Nc3 {[%clk 00:59:48]}
{[%emt 00:00:53]} Qc4 {[%clk 00:39:44]} {[%emt 00:04:21]} 21. Qe2 {[%clk
00:55:53]} {[%emt 00:04:11]} Qb3 {[%clk 00:32:54]} {[%emt 00:07:34]} 22. Nb1
{[%clk 00:48:02]} {[%emt 00:08:02]} Nexd4 {[%clk 00:31:06]} {[%emt 00:02:37]}
23. Bxd4 {[%clk 00:46:32]} {[%emt 00:02:00]} Nxd4 {[%clk 00:29:03]} {[%emt
00:02:33]} 24. Nxd4 {[%clk 00:46:51]} {[%emt 00:00:11]} Bxd4 {[%clk 00:29:03]}
{[%emt 00:00:30]} 25. Kh1 {[%clk 00:40:37]} {[%emt 00:06:44]} Rfe8 {[%clk
00:26:23]} {[%emt 00:03:10]} 26. Rxd4 {[%clk 00:39:46]} {[%emt 00:01:22]} Rc8
{[%clk 00:24:41]} {[%emt 00:02:11]} 27. Qf3 {[%clk 00:38:16]} {[%emt 00:01:58]}
Qe6 {[%emt 00:06:41]} 28. Qxb7 {[%emt 00:07:09]} g6 {[%emt 00:01:16]} 29. Qf3
{[%emt 00:01:48]} Qe5 {[%emt 00:01:37]} 30. Rdd1 {[%emt 00:01:38]} Qg5 {[%emt
00:02:02]} 31. Nd2 {[%emt 00:01:13]} Rc7 {[%emt 00:00:33]} 32. Ne4 {[%emt
00:02:10]} Rxe4 {[%emt 00:00:08]} 33. Qxe4 {[%emt 00:04:02]} Rc3 {[%emt
00:00:31]} 34. Qa8 {[%emt 00:00:20]} Kg7 {[%clk 00:08:42]} 35. Qxa6 {[%emt
00:01:01]} Qf5 {[%clk 00:08:21]} {[%emt 00:00:06]} 36. f3 {[%clk 00:29:53]}
{[%emt 00:01:29]} h5 {[%clk 00:06:47]} {[%emt 00:02:03]} 37. Qe2 {[%clk
00:30:13]} Rxa3 {[%clk 00:05:43]} {[%emt 00:01:45]} 38. Qb2 {[%clk 00:30:30]}
Kh7 {[%clk 00:05:10]} {[%emt 00:01:16]} 39. Qxa3 {[%emt 00:00:19]} h4 40. Rd4
{[%clk 00:30:52]} {[%emt 00:00:27]} Qg5 {[%clk 00:05:10]} {[%emt 00:00:50]} 41.
f4 {[%clk 00:30:54]} {[%emt 00:00:29]} Qe7 {[%clk 00:04:11]} {[%emt 00:01:27]}
42. Qd3 {[%clk 00:30:24]} {[%emt 00:01:00]} Qe6 {[%clk 00:28:22]} {[%emt
00:06:27]} 43. f5 {[%clk 01:01:25]} {[%emt 00:00:48]} Qc6 {[%clk 00:27:44]}
{[%emt 00:01:07]} 44. fxg6 {[%clk 01:01:45]} {[%emt 00:00:15]} fxg6 {[%clk
00:28:07]} {[%emt 00:00:07]} 45. Rxh4 {[%clk 01:01:59]} {[%emt 00:00:15]} Kg7
{[%clk 00:28:20]} {[%emt 00:00:17]} 46. Qd4 {[%clk 01:02:07]} {[%emt 00:00:22]}
Qf6 {[%clk 00:27:43]} {[%emt 00:01:07]} 47. Qxf6 {[%clk 01:02:29]} {[%emt
00:00:09]} Kg8 {[%clk 00:27:59]} {[%emt 00:00:14]} 48. Rh8# {[%clk 01:01:47]}
{[%emt 00:00:07]} 1-0